<?xml version="1.0" encoding="UTF-8"?>
<collection xmlns="http://www.loc.gov/MARC21/slim">
 <record>
  <leader>00544nam a22001935a 4500</leader>
  <controlfield tag="001">cid-cin.f3f0ef4a-4766-4183-a87e-816494125d7d</controlfield>
  <controlfield tag="006">a</controlfield>
  <controlfield tag="007">cr#cnu||||||||</controlfield>
  <controlfield tag="008">250127</controlfield>
  <datafield tag="020" ind1=" " ind2=" ">
   <subfield code="a">9789878052397</subfield>
  </datafield>
  <datafield tag="100" ind1="1" ind2=" ">
   <subfield code="a">Asturias Miguel Ángel</subfield>
  </datafield>
  <datafield tag="245" ind1="1" ind2=" ">
   <subfield code="a">Derecho penal ambiental y climático</subfield>
   <subfield code="c">Asturias Miguel Ángel</subfield>
  </datafield>
  <datafield tag="260" ind1=" " ind2=" ">
   <subfield code="b">Hammurabi</subfield>
   <subfield code="c">2025</subfield>
  </datafield>
  <datafield tag="337" ind1=" " ind2=" ">
   <subfield code="a">computer</subfield>
   <subfield code="b">c</subfield>
  </datafield>
  <datafield tag="338" ind1=" " ind2=" ">
   <subfield code="a">other</subfield>
   <subfield code="b">z</subfield>
  </datafield>
  <datafield tag="347" ind1=" " ind2=" ">
   <subfield code="a">epub</subfield>
  </datafield>
  <datafield tag="653" ind1=" " ind2=" ">
   <subfield code="a">Derecho</subfield>
  </datafield>
  <datafield tag="797" ind1=" " ind2=" ">
   <subfield code="a">Bidi</subfield>
  </datafield>
  <datafield tag="856" ind1="4" ind2="0">
   <subfield code="u">https://academy.ticmas.io/bidi/book/f3f0ef4a-4766-4183-a87e-816494125d7d</subfield>
   <subfield code="z">Click to View</subfield>
  </datafield>
 </record>
</collection>
